000
00323nam a2200133Ia 4500
008
220216s9999 xx 000 0 und d
100
_a
Ouseph T.
245
0
_a
Drought and the rubber planting
260
_b
Rubber Board Bulletin
_c
1987
300
_a
24-26
650
_a
Drought
650
_a
Rubber planting
942
_c
BS
999
_c
51157
_d
51157